Anything but Equatorial Guinea Quiz Stats

Quiz not verified by Sporcle

Challenge
Share
Tweet
Embed
Score 0/31 Timer 06:00
0 Plays Today
Hint Answer % Correct
start with EEritrea
94.8%
start with EEthiopia
92.8%
start with EEcuador
91.9%
start with EEstonia
90.6%
use Central African CFA Franc as currencyCentral African Republic
84.8%
start with EEl Salvador
81.7%
start with EEgypt
78.8%
have a capital starting with M (Africa)Mozambique (Maputo)
77.2%
use Central African CFA Franc as currencyCameroon
75.6%
use Central African CFA Franc as currencyChad
74.1%
have a tree on their flagLebanon
74.1%
use Central African CFA Franc as currencyRepublic of the Congo
73.3%
use Central African CFA Franc as currencyGabon
72.7%
have a capital starting with M (Africa)Somalia (Mogadishu)
72.6%
have a capital starting with M (Africa)Lesotho (Maseru)
64%
have a capital starting with M (Africa)Liberia (Monrovia)
63.3%
Hint Answer % Correct
have a capital starting with M (Africa)Swaziland (Mbabane)
62.8%
have a capital starting with M (Africa)Comoros (Moroni)
60.8%
are within a 110 km/68 mi distance from the Equator without touching itPeru (4.2 km/2 mi)
55.9%
are within a 110 km/68 mi distance from the Equator without touching itTanzania (109.5 km/68 mi)
52%
have a capital located on an island without being an island nation*Denmark (Copenhagen)
51.8%
have a tree on their flagPeru
50%
have a tree on their flagBolivia
47.9%
are within a 110 km/68 mi distance from the Equator without touching itMalaysia (92.4 km/57 mi)
47%
are within a 110 km/68 mi distance from the Equator without touching itVenezuela (72.1 km/44 mi)
44.5%
have a capital located on an island without being an island nation*The Gambia (Banjul)
42.4%
have a tree on their flagFiji
30.2%
have a tree on their flagBelize
29.2%
have a capital located on an island without being an island nation*United Arab Emirates (Abu Dhabi)
27.8%
are within a 110 km/68 mi distance from the Equator without touching itNauru (55.9 km/34 mi)
27.3%
have a tree on their flagHaiti
25%

You're not logged in!

Compare scores with friends on all Sporcle quizzes.
Sign Up with Email
OR
Log In

You Might Also Like...

Show Comments

Extras

Top Quizzes Today


Score Distribution

Your Account Isn't Verified!

In order to create a playlist on Sporcle, you need to verify the email address you used during registration. Go to your Sporcle Settings to finish the process.